Coulson & Richardson's chemical engineering / (رقم التسجيلة. 32127)
[ عرض عادي ]
| 000 -الفاتح | |
|---|---|
| حقل البيانات ثابتة الطول | 02348cam a2200421 a 4500 |
| 001 - رقم الضبط | |
| رقم الضبط | 3033627 |
| 003 - محدد رقم الضبط | |
| رقم الضبط | OSt |
| 005 - وقت وتاريخ اخر تعامل مع التسجيلة | |
| رقم الضبط | 20150408114152.0 |
| 008 - عناصر البيانات ثابتة الطول - معلومات عامة | |
| حقل البيانات ثابتة الطول | 950607m19969999enka b 001 0 eng |
| 010 ## - رقم ضبط مكتبة الكونجرس | |
| رقم ضبط مكتبة الكونجرس | 95023187 |
| رقم ضبط مكتبة الكونجرس الخاطئ والملغى | 99036977 |
| 020 ## - الرقم الدولى المعيارى للكتب | |
| الرقم الدولى المعيارى للكتاب | 0750625570 (pbk. : v. 1, 5th ed.) |
| 020 ## - الرقم الدولى المعيارى للكتب | |
| الرقم الدولى المعيارى للكتاب | 0750644443 (pbk. : v. 1, 6th ed.) |
| 020 ## - الرقم الدولى المعيارى للكتب | |
| الرقم الدولى المعيارى للكتاب | 0750626127 (pbk. : v. 5, 2nd ed.) |
| 020 ## - الرقم الدولى المعيارى للكتب | |
| الرقم الدولى المعيارى للكتاب | 0750625589 (pbk. : v. 6, 2nd ed.) |
| 020 ## - الرقم الدولى المعيارى للكتب | |
| الرقم الدولى المعيارى للكتاب | 9780750644440 |
| 040 ## - مصدر الفهرسة | |
| وكالة الفهرسة الأصلية | DLC |
| وكالة النسخ | DLC |
| وكالة التعديل | DLC |
| 050 00 - رقم طلب مكتبة الكونجرس | |
| رقم التصنيف | TP155 |
| رقم المادة | .C69 1996 |
| 082 00 - رقم تصنيف ديوى العشرى | |
| رقم التصنيف | 660 |
| رقم الطبعة | 20 |
| رقم المادة | CJC |
| 100 1# - المدخل الرئيسى - إسم شخصى | |
| الإسم الشخصى | Coulson, J. M. |
| الشكل الأكمل للاسم | (John Metcalfe) |
| 9 (RLIN) | 39933 |
| 245 10 - بيان العنوان | |
| العنوان | Coulson & Richardson's chemical engineering / |
| بيان المسئوليه,etc | J.M. Coulson and J.F. Richardson ; with J.R. Backhurst and J.H. Harker. |
| 246 3# - العنوان الموازى | |
| عنوان صحيح/عنوان مختصر | Coulson and Richardson's chemical engineering |
| 246 30 - العنوان الموازى | |
| عنوان صحيح/عنوان مختصر | Chemical engineering |
| 260 ## - PUBLICATION, DISTRIBUTION, ETC. (IMPRINT) | |
| مكان الناشر او الموزع | Oxford ; |
| -- | Boston : |
| اسم الناشر او الموزع | Butterworth-Heinemann, |
| تاريخ النشر أو التوزيع | 1996-<2005> |
| 300 ## - الوصف المادى | |
| التعداد | <v. 1, 5-6; in 6> : |
| تفاصيل ماديه اخرى للوعاء | ill. ; |
| أبعاد الوعاء | 25 cm. |
| 500 ## - تبصرة عامة | |
| تبصرة عامة | Previous editions have title: Chemical engineering. |
| 500 ## - تبصرة عامة | |
| تبصرة عامة | Edition statements vary. |
| 504 ## - تبصرة ببليوجرافية | |
| تبصرة ببليوجرافية,الخ | Includes bibliographical references and indexes. |
| 505 1# - تبصرة محتويات-الفهرس | |
| تبصرة المحتويات المصاغة | v. 1. Fluid flow, heat transfer, and mass transfer (5th ed., 1996) -- v. 1. Fluid flow, heat transfer, and mass transfer (6th ed., 1999) -- v. 5. Solutions to the problems in Chemical engineering, volumes 2 and 3 / by J.R. Backhurst and J.H. Harker (2nd ed., 1997) -- v. 6. Chemical engineering design / R.K. Sinnott (2nd ed., 1996) -- v. 6. Chemical engineering design / R.K. Sinnott (3rd ed., 1999) -- v. 6. Chemical engineering design / R.K. Sinnott (4th ed., 2005) |
| 650 #0 - المدخل الاضافى بالموضوع-مصطلح موضوعى | |
| مصطلح موضوعي أو اسم جغرافي كعنصر مدخل | Chemical engineering. |
| 700 1# - المدخل الاضافى - اسم شخصى | |
| الإسم الشخصى | Richardson, J. F. |
| الشكل الأكمل للاسم | (John Francis) |
| 9 (RLIN) | 39934 |
| 700 1# - المدخل الاضافى - اسم شخصى | |
| الإسم الشخصى | Coulson, J. M. |
| الشكل الأكمل للاسم | (John Metcalfe). |
| عنوان العمل | Chemical engineering. |
| 9 (RLIN) | 39935 |
| 856 42 - الوصول و الموقع الالكترونى | |
| مواد محددة | Publisher description |
| معرف المصدر الموحد | <a href="http://www.loc.gov/catdir/description/els032/95023187.html">http://www.loc.gov/catdir/description/els032/95023187.html</a> |
| 856 41 - الوصول و الموقع الالكترونى | |
| مواد محددة | Table of contents |
| معرف المصدر الموحد | <a href="http://www.loc.gov/catdir/toc/els032/95023187.html">http://www.loc.gov/catdir/toc/els032/95023187.html</a> |
| 906 ## - عنصر بيانات محلى F, LDF (RLIN) | |
| a | 7 |
| b | cbc |
| c | orignew |
| d | 1 |
| e | ocip |
| f | 19 |
| g | y-gencatlg |
| 942 ## - عناصر المدخل الإضافي( كوها) | |
| مصدر التصنيف او مخطط الترفيف | Dewey Decimal Classification |
| Koha [default] item type | DVD |
| حالة الفقد | نموذج السعر الفعال | حالة تلف | ليس للاعارة | رقم الطلب | تاريخ الاكتساب | الموقع الحالي | الفرع الرئيسي | Date last seen | نوع المادة فى نظام كوها | مصدر التصنيف او خطة الترفيف | Total Checkouts |
|---|---|---|---|---|---|---|---|---|---|---|---|
| 2013-11-16 | 660 CJC | 2013-11-16 | المكتبة المركزية بالمجمعة (CL) | المكتبة المركزية بالمجمعة (CL) | 2013-11-16 | كتاب | Dewey Decimal Classification |
